Annual review of biochemistry. / (Record no. 6795)

MARC details
000 -LEADER
fixed length control field 01924nam a22001937a 4500
008 - FIXED-LENGTH DATA ELEMENTS--GENERAL INFORMATION
fixed length control field 190724b xxu||||| |||| 00| 0 eng d
050 ## - LIBRARY OF CONGRESS CALL NUMBER
Classification number QP501.An7
245 ## - TITLE STATEMENT
Title Annual review of biochemistry. /
Statement of responsibility, etc. edited by Charles C. Richardson et al
250 ## - EDITION STATEMENT
Edition statement vol 70 2001
260 ## - PUBLICATION, DISTRIBUTION, ETC.
Place of publication, distribution, etc. California:
Name of publisher, distributor, etc. Annual Reviews,
Date of publication, distribution, etc. 2001.
300 ## - PHYSICAL DESCRIPTION
Extent ix,924p.:
Other physical details ill.:
Dimensions 23cm
500 ## - GENERAL NOTE
General note includes index, subject index
505 ## - FORMATTED CONTENTS NOTE
Formatted contents note Contents: Advancing our knowledge in biochemistry, genetics, and microbiology through studies on tryptophan metabolism -- DNA primases -- Histone acetyltransferases -- Radical mechanisms of enzymatic catalysis -- Channeling of substrates and intermediates enzyme - catalyzed reactions -- Divergent evolution of enzymatic function -- Mechanistically diverse superfamilies and functionally -- Pten and myotubularin:novel phosphoinositide phosphatases -- Regulation of phosphoinositide-specific phospholipase -- Design and selection of novel -- Peroxisome proliferator - activated receptor and metabolic disease -- DNA topoisomerases: structure, function and mechanism -- DNA topoisomerases: structure, function and mechanism -- Fidelity of aminoacyl-trna selection on ribosome -- Kinetic and structural mechanisms -- Analysis of proteins and proteomes by mass spectrometry -- Transcriptional coactivator complexes -- Mechanisms underlying ubiquitination -- Synthesis and function of 3 - phoshorylated inositol lipids -- Folding of newly translated proteins in vivo: the role of molecular chaperones -- Regulation of actin filament network formation through -- Function, structure and mechanism of intracelluler copper trafficking proteins -- The signal recognition particle -- Mechanisms of viral membrane fusion and its inhibition.
700 ## - ADDED ENTRY--PERSONAL NAME
Personal name Richardson, Charles C.
700 ## - ADDED ENTRY--PERSONAL NAME
Personal name Abelson, John N.
700 ## - ADDED ENTRY--PERSONAL NAME
Personal name Raetz, Christian R.H.
700 ## - ADDED ENTRY--PERSONAL NAME
Personal name Thorner, Jeremy W.
942 ## - ADDED ENTRY ELEMENTS (KOHA)
Source of classification or shelving scheme Library of Congress Classification
Koha item type Books
Holdings
Withdrawn status Lost status Source of classification or shelving scheme Damaged status Not for loan Home library Current library Shelving location Date acquired Total Checkouts Full call number Barcode Date last seen Copy number Price effective from Koha item type
    Library of Congress Classification     WISCONSIN INTERNATIONAL UNIVERSITY COLLEGE, GHANA - MAIN LIBRARY WISCONSIN INTERNATIONAL UNIVERSITY COLLEGE, GHANA - MAIN LIBRARY nursing 24/07/2019   QP501.An7 NURS/602/264/19 24/07/2019 1 24/07/2019 Books

If you have any concerns or questions; kindly contact the library


© Powered by WIUC ICT DIRECTORATE